000
00287 a2200145 4500
001
11974
020
_a
978074607596
040
_c
Anchieta - Aquarius
240
1
0
_a
Jobs
_l
por
245
1
0
_a
Jobs
300
_a
362
0
_a
0
650
4
_a
Literatura infantil em inglês
942
_c
BK
999
_c
11974
_d
11974